| 000 | 00657nam a2200181 a 4500 | ||
|---|---|---|---|
| 001 | 2116 | ||
| 005 | 20140414131925.0 | ||
| 008 | 001116s19uu xx 00 eng d | ||
| 050 |
_aER _bW75 1994 |
||
| 100 | _aUchida, Yoshiko | ||
| 245 |
_aWise old woman (The) / _cretold by Yoshiko Uchida; illustrated Martin Springett. |
||
| 260 |
_aNew York : _bMargaret K McElderly Books, _c1994. |
||
| 300 | _a1 v. (unp.) : ill. ; cm. | ||
| 520 | _aAn old woman demonstrates the value of her age when she solves a warload's three riddles and saves her village from destruction. | ||
| 650 | _aFolklore -- Japan. | ||
| 650 | _aOld age -- Folklore. | ||
| 999 |
_c111971 _d111971 |
||